000 00349nam a22001457a 4500
082 _a894.812.3
_bTAG/C
100 _aTAGOOR, RAVINDRANATH
245 _aCHARULATHA
246 _aCHARULATHA
_bCHARULATHA
260 _aTHRISSUR, KERALA, INDIA
_bGREEN BOOKS
_c2022
300 _a115
520 _aBIOGRAPHY
650 _aMALAYALAM BIOGRAPHY
942 _cBK
999 _c8663
_d8663